000 00459cam a22001934a 4500
005 20250605164153.0
008 250528s ||||||||||||||||||||||||d
035 _a19468
020 _a960405631Χ
040 _aGR-AtMCL
_bgre
_dGR-AtMCL
_eAACR2
245 1 _aQUARKXPRESS
250 _a1
260 _bΊων,
_c1995
300 _a414
700 1 _aΚαρουλης Αθανασης
_95719
942 _cBK
999 _c4724
_d4724